000
00297nam a2200133Ia 4500
100
_a
Bolz/ Roger W
942
_c
RB
654
_a
Production Processes
245
_a
Production Processes
260
_b
Industrial Press
_a
New York
_c
1981
082
_a
670
_b
Bol
546
_a
ENGLISH
999
_c
19755
_d
19755